Wordt geladen...

MATLAB handbook with applications to mathematics, science, engineering, and finance /

Bibliografische gegevens
Hoofdauteur: Báez López, David
Andere auteurs: Báez Villegas, David Alfredo
Formaat: Printed Book
Gepubliceerd in: Boca Raton: CRC Press, 2019.
Onderwerpen:
LEADER 01037cam a22001698i 4500
020 |a 9781138626454 (hardback : alk. paper) 
082 0 0 |a 005.74  |b BAE 
100 1 |a Báez López, David, 
245 1 0 |a MATLAB handbook with applications to mathematics, science, engineering, and finance /  |c Jose Miguel David Baez-Lopez and David Alfredo Baez Villegas. 
260 |a Boca Raton:  |b CRC Press,  |c 2019. 
300 |a 362 pages. 
505 0 |a Introduction to MATLAB -- Plotting with MATLAB -- Variables and functions -- Matrices and linear algebra -- Calculus -- Programming in MATLAB -- Object-oriented programming -- Graphical user interfaces -- Simulink -- MATLAB applications to engineering -- MATLAB applications to physics -- Applications to finance -- Image processing in MATLAB -- Optimization. 
650 0 |a Numerical analysis 
700 1 |a Báez Villegas, David Alfredo, 
942 |c BK 
999 |c 299150  |d 299150 
952 |0 0  |1 0  |4 0  |6 005_740000000000000_BAE  |7 0  |9 319119  |a IMK  |b IMK  |d 2020-09-22  |g 13860.00  |l 0  |o 005.74 BAE  |p IMK16324  |r 2020-09-22  |w 2020-09-22  |y BK